00286nam a2200121Ia 45000010005000000080041000050820019000461000013000652450022000782600020001009010027001209990017001474620241024s9999 xx 000 0 und d a664/N468a/2016 aNestlé 0aAnual review 2016 bMyclimatec2016 a27/3/2017 9:07:15 a.m. c10781d10781